000 00551nam a2200169Ia 4500
008 230718s9999 xx 000 0 und d
020 _a9781786464392
041 _aeng
082 _a006.3
_bJOS
100 _aJoshi P.
245 _aArtificial Intelligence With Python
_bBuild Real-World Artificial Intelligence Applications With Python To Intelligently Interact With The World Around You
260 _c2017
_bPackt
300 _a430
365 _cRs.
_b1199.00
700 _aJoshi P.
906 _dO:0601504-Aug-2018B:IN23918-Jul-2018
_cCOMP
_b239.8
999 _c348017
_d348017